<?xml version="1.0" encoding="UTF-8"?>
<record
    xmlns:xsi="http://www.w3.org/2001/XMLSchema-instance"
    xsi:schemaLocation="http://www.loc.gov/MARC21/slim http://www.loc.gov/standards/marcxml/schema/MARC21slim.xsd"
    xmlns="http://www.loc.gov/MARC21/slim">

  <leader>00793nam a22002417a 4500</leader>
  <controlfield tag="005">20170124110132.0</controlfield>
  <datafield tag="010" ind1=" " ind2=" ">
    <subfield code="a">B-030297</subfield>
  </datafield>
  <datafield tag="020" ind1=" " ind2=" ">
    <subfield code="c">30.00</subfield>
    <subfield code="a">8123728085</subfield>
  </datafield>
  <datafield tag="035" ind1=" " ind2=" ">
    <subfield code="a">B-030297</subfield>
  </datafield>
  <datafield tag="037" ind1=" " ind2=" ">
    <subfield code="b">Cen Lib/Ret</subfield>
  </datafield>
  <datafield tag="040" ind1=" " ind2=" ">
    <subfield code="a">DPL</subfield>
    <subfield code="b">EN</subfield>
  </datafield>
  <datafield tag="082" ind1=" " ind2=" ">
    <subfield code="a">639.1</subfield>
    <subfield code="b">RAI</subfield>
  </datafield>
  <datafield tag="100" ind1=" " ind2=" ">
    <subfield code="a">Rai, Kedambadi Jattappa</subfield>
    <subfield code="9">32449</subfield>
  </datafield>
  <datafield tag="245" ind1=" " ind2=" ">
    <subfield code="a">Reminiscences of a hunter /</subfield>
    <subfield code="c">by Kedambadi Jattappa Rai ; translated by C. N. Ramachandran</subfield>
  </datafield>
  <datafield tag="260" ind1=" " ind2=" ">
    <subfield code="a">New Delhi </subfield>
    <subfield code="b">National Book Trust</subfield>
    <subfield code="c">1999</subfield>
  </datafield>
  <datafield tag="270" ind1=" " ind2=" ">
    <subfield code="a">A-5 Green Park</subfield>
    <subfield code="b">New Delhi</subfield>
    <subfield code="e">110016</subfield>
  </datafield>
  <datafield tag="300" ind1=" " ind2=" ">
    <subfield code="a">107p. :</subfield>
    <subfield code="c">22cm(Hb)</subfield>
    <subfield code="b">ill.</subfield>
  </datafield>
  <datafield tag="490" ind1=" " ind2=" ">
    <subfield code="a">Young india library</subfield>
  </datafield>
  <datafield tag="650" ind1=" " ind2=" ">
    <subfield code="a">Hunting--Psychological aspects</subfield>
    <subfield code="9">32450</subfield>
  </datafield>
  <datafield tag="650" ind1=" " ind2=" ">
    <subfield code="a">Hunting--Moral and ethical aspects</subfield>
    <subfield code="9">32451</subfield>
  </datafield>
  <datafield tag="700" ind1=" " ind2=" ">
    <subfield code="a">Ramachandran, C. N</subfield>
    <subfield code="9">32452</subfield>
  </datafield>
  <datafield tag="942" ind1=" " ind2=" ">
    <subfield code="2">ddc</subfield>
    <subfield code="c">EN</subfield>
    <subfield code="h">639.1</subfield>
    <subfield code="m">RAI</subfield>
  </datafield>
  <datafield tag="999" ind1=" " ind2=" ">
    <subfield code="c">131674</subfield>
    <subfield code="d">131674</subfield>
  </datafield>
  <datafield tag="952" ind1=" " ind2=" ">
    <subfield code="0">4</subfield>
    <subfield code="1">0</subfield>
    <subfield code="4">0</subfield>
    <subfield code="7">0</subfield>
    <subfield code="a">L</subfield>
    <subfield code="b">L</subfield>
    <subfield code="d">2015-07-15</subfield>
    <subfield code="e">Cen Lib/Ret   </subfield>
    <subfield code="g">30.00</subfield>
    <subfield code="l">0</subfield>
    <subfield code="o">639.1 RAI</subfield>
    <subfield code="p">B-030297</subfield>
    <subfield code="r">2015-07-15 00:00:00</subfield>
    <subfield code="t">1</subfield>
    <subfield code="v">30.00</subfield>
    <subfield code="w">2015-07-15</subfield>
    <subfield code="y">EN</subfield>
    <subfield code="z">Written off on approval by DLB (By Circulation); dtd 15-06-2023</subfield>
  </datafield>
</record>
